Names with 'The' Quiz Stats

Quiz Updated Aug 1, 2014

Also try: Famous Foursomes
Challenge
Share
Tweet
Score 0/40 Timer 06:00
0 Plays Today
% Correct
Casper
98.4%
Frosty
97.6%
Popeye
97.3%
Dora
97%
Bob
96%
Dennis
95.9%
Sonic
95.7%
Jack
95%
Thomas
95%
Jabba
94%
Clifford
93.9%
Barney
93.3%
Bill Nye
92%
Billy
91.9%
Conan
91.9%
Attila
91.5%
Glinda
90.4%
Ursula
89.7%
Buddy
88.9%
John
88.8%
% Correct
Oscar
88.4%
Larry
87.7%
Yertle
87.3%
Marvin
86.7%
Andre
86%
Richard
83.1%
William
82.9%
Tim
81.1%
Cedric
77.5%
Rosie
75.2%
Fizbo
74.6%
Harriet
74.5%
Howard
73.6%
Jake
73.2%
Mack
72.9%
Mr. Hankey
67.5%
Ramona
61.1%
Cletus
60.8%
Toad
59.8%
Robert
57.1%

You're not logged in!

Compare scores with friends on all Sporcle quizzes.
Join for Free
OR
Log In

You Might Also Like...

Show Comments

Extras

Top Quizzes Today


Score Distribution

Your Account Isn't Verified!

In order to create a playlist on Sporcle, you need to verify the email address you used during registration. Go to your Sporcle Settings to finish the process.

Report this User

Report this user for behavior that violates our Community Guidelines.

Details: